|
|
|
|
| LEADER |
00000caa a2200000 c 4500 |
| 001 |
1539403092 |
| 003 |
DE-627 |
| 005 |
20180730191855.0 |
| 007 |
tu |
| 008 |
160509s2016 xx ||||| 00| ||ger c |
| 020 |
|
|
|a 9783945037096
|
| 035 |
|
|
|a (DE-627)1539403092
|
| 035 |
|
|
|a (DE-576)469403098
|
| 035 |
|
|
|a (DE-599)BSZ469403098
|
| 040 |
|
|
|a DE-627
|b ger
|c DE-627
|e rda
|
| 041 |
|
|
|a ger
|
| 100 |
1 |
|
|a Schneider, Jan
|e VerfasserIn
|4 aut
|
| 245 |
1 |
0 |
|a Menschenrechte von Gefangenen
|b UN-Antifolterkonvention, Europäische Menschenrechtskonvention und Grundgesetz
|c Jan Schneider
|
| 264 |
|
1 |
|c 2016
|
| 336 |
|
|
|a Text
|b txt
|2 rdacontent
|
| 337 |
|
|
|a ohne Hilfsmittel zu benutzen
|b n
|2 rdamedia
|
| 338 |
|
|
|a Band
|b nc
|2 rdacarrier
|
| 773 |
0 |
8 |
|i Enthalten in
|t Menschenrechte hinter Gittern
|d Wiesbaden : Eigenverlag Kriminologische Zentralstelle, 2016
|g (2016), Seite 33-46
|h 128 Seiten
|w (DE-627)852169086
|w (DE-576)461239183
|z 9783945037096
|7 nnam
|
| 773 |
1 |
8 |
|g year:2016
|g pages:33-46
|
| 951 |
|
|
|a AR
|
| ELC |
|
|
|b 1
|
| LOK |
|
|
|0 000 xxxxxcx a22 zn 4500
|
| LOK |
|
|
|0 001 2945456206
|
| LOK |
|
|
|0 003 DE-627
|
| LOK |
|
|
|0 004 1539403092
|
| LOK |
|
|
|0 005 20260108163752
|
| LOK |
|
|
|0 008 161118||||||||||||||||ger|||||||
|
| LOK |
|
|
|0 040
|a DE-21-110
|c DE-627
|d DE-21-110
|
| LOK |
|
|
|0 689
|a s
|a Gefängnis
|
| LOK |
|
|
|0 689
|a s
|a Menschenrechte
|
| LOK |
|
|
|0 689
|a s
|a Folter
|
| LOK |
|
|
|0 689
|a g
|a Europa
|
| LOK |
|
|
|0 852
|a DE-21-110
|
| LOK |
|
|
|0 852 1
|m p
|9 00
|
| LOK |
|
|
|0 938
|k p
|
| LOK |
|
|
|0 939
|a 18-11-16
|b l01
|
| ORI |
|
|
|a SA-MARC-krimdoka001.raw
|